History Quiz

Random History or Humor Quiz

Famous Quotes About 'B' Quiz Stats

 Plays Quiz Updated Dec 5, 2018

Support Sporcle.
Go Orange.
Score 0/26 Timer 08:00
2 Plays Today
% Correct
Bodies
97.5%
Butterfly
97.4%
Bounce
96.3%
Boot
96.2%
Boat
96.2%
Borrower
94.7%
Bone
94.5%
Bible
93.3%
Beaten
93.2%
Boomerang
93%
Blood
92.5%
Beauty
92.4%
Bladder
92%
% Correct
Black eye
91.1%
Beef
90.7%
Bold
90%
Book
90%
Bed
88.7%
Bigot
87.2%
Blame
85.2%
Bathing
78.1%
Bore
77.9%
Bicycle
75.7%
Banana
74.6%
Bread
72.7%
Ballot
71.7%

You're not logged in!

Compare scores with friends on all Sporcle quizzes.
OR
Log In
Forgot?

From the Vault

'H' Vocabulary (Medium)

by beforever

What the heck could these words mean?
Remove Ads.
Support Sporcle.
Get the best of Sporcle when you Go Orange. This ad-free experience offers more features, more stats, and more fun while also helping to support Sporcle. Thank you for becoming a member.

Show Comments

Extras

Top Quizzes Today


Score Distribution

Your Account Isn't Verified!

In order to create a playlist on Sporcle, you need to verify the email address you used during registration. Go to your Sporcle Settings to finish the process.

Report this User

Report this user for behavior that violates our Community Guidelines.

Details: